NCAA Division I Schools In Massachusetts - Statistics

General Stats
  • This quiz has been taken 172 times
  • The average score is 5 of 7
Answer Stats
Answer % Correct
Boston College
96%
UMass
93%
Boston University
91%
Harvard
87%
UMass Lowell
63%
Northeastern
61%
Holy Cross
44%
No matching quizzes found
Score Distribution
Percent of People with Each Score
Percentile by Number Answered
Your Score History
You have not taken this quiz